[Event "NRW Class1 1819"]
[Site "Germany"]
[Date "2018.10.14"]
[Round "2.8"]
[White "Piskorz, Andreas"]
[Black "Freundlieb, Thomas"]
[Result "0-1"]
[WhiteElo "1898"]
[BlackElo "2043"]
[PlyCount "110"]
[EventDate "2018.09.16"]
[EventType "team-tourn"]
[EventRounds "9"]
[EventCountry "GER"]
[SourceTitle "EXT 2022"]
[Source "ChessBase"]
[SourceDate "2021.10.06"]
[SourceVersion "1"]
[SourceVersionDate "2021.10.06"]
[SourceQuality "1"]
[WhiteTeam "Weidenau/Geisweid"]
[BlackTeam "Niederkassel"]
[WhiteTeamCountry "GER"]
[BlackTeamCountry "GER"]

1. Nf3 d6 2. b3 e5 3. Bb2 Nf6 4. e3 Be7 5. Be2 0-0 6. 0-0 c6 7. c4 Nbd7 8. Nc3 Re8 9. Qc2 Bf8 10. d4 Qc7 11. Rac1 g6 12. dxe5 dxe5 13. Ng5 Nc5 14. b4 Ne6 15. Nge4 Nxe4 16. Nxe4 Be7 17. c5 Ng5 18. Nd2 Bf5 19. e4 Bd7 20. Qc3 f6 21. Bc4+ Kg7 22. Qb3 Bf8 23. Rcd1 Rad8 24. Qg3 Be6 25. Be2 Rxd2 26. Rxd2 Nxe4 27. Qd3 Nxd2 28. Qxd2 Rd8 29. Qe3 Kg8 30. f4 Bg7 31. fxe5 fxe5 32. a3 Bd5 33. Bd1 e4 34. Bxg7 Qxg7 35. Bc2 Qe5 36. Re1 Kg7 37. Re2 Rf8 38. Re1 Rf4 39. g3 Rf8 40. Bd1 Qf6 41. Be2 Qe5 42. Bf1 h5 43. Bg2 Rh8 44. Rf1 h4 45. Rf4 h3 46. Bf1 g5 47. Rf2 Rh6 48. Re2 g4 49. Re1 Rg6 50. Re2 Rf6 51. Rf2 Rxf2 52. Kxf2 Qf5+ 53. Qf4 Qxf4+ 54. gxf4 e3+ 55. Kxe3 g3 0-1

[Event "Mittelrhein Verbandsliga-S 17/18"]
[Site "Nordrheinwestfalen"]
[Date "2018.02.25"]
[Round "8.1"]
[White "Dick, Matthias"]
[Black "Freundlieb, Thomas"]
[Result "0-1"]
[WhiteElo "1982"]
[BlackElo "2010"]
[PlyCount "70"]
[EventDate "2017.09.10"]
[EventType "team-tourn"]
[EventRounds "11"]
[EventCountry "GER"]
[SourceTitle "EXT 2022"]
[Source "ChessBase"]
[SourceDate "2021.10.06"]
[SourceVersion "1"]
[SourceVersionDate "2021.10.06"]
[SourceQuality "1"]
[WhiteTeam "Koeln SF III"]
[BlackTeam "Niederkassel II"]
[WhiteTeamCountry "GER"]
[BlackTeamCountry "GER"]

1. Nf3 d6 2. d4 Nf6 3. g3 Nbd7 4. d5 c6 5. c4 Nb6 6. dxc6 bxc6 7. c5 Nbd7 8. cxd6 exd6 9. Bg2 d5 10. 0-0 Bc5 11. Qa4 Qb6 12. Nbd2 Ba6 13. Nb3 Bxe2 14. Nxc5 Nxc5 15. Qc2 Bxf1 16. Be3 Bd3 17. Qxc5 Qxc5 18. Bxc5 Nd7 19. Re1+ Be4 20. Bd6 0-0-0 21. Ng5 Bg6 22. Bf1 Kb7 23. Re3 Rhe8 24. Rb3+ Nb6 25. Bc5 Re1 26. Nf3 Rc1 27. Be3 Ra1 28. Ra3 f6 29. Nd4 Re8 30. Kg2 Be4+ 31. f3 Bb1 32. Ba6+ Ka8 33. Nxc6 Rxa2 34. Rxa2 Bxa2 35. Bf4 Bc4 0-1

[Event "Mittelrhein Verbandsliga-S 17/18"]
[Site "Nordrheinwestfalen"]
[Date "2017.10.22"]
[Round "3.1"]
[White "Olbrisch, Manfred"]
[Black "Freundlieb, Thomas"]
[Result "1/2-1/2"]
[WhiteElo "1988"]
[BlackElo "1976"]
[PlyCount "30"]
[EventDate "2017.09.10"]
[EventType "team-tourn"]
[EventRounds "11"]
[EventCountry "GER"]
[SourceTitle "EXT 2022"]
[Source "ChessBase"]
[SourceDate "2021.10.06"]
[SourceVersion "1"]
[SourceVersionDate "2021.10.06"]
[SourceQuality "1"]
[WhiteTeam "Hennef"]
[BlackTeam "Niederkassel II"]
[WhiteTeamCountry "GER"]
[BlackTeamCountry "GER"]

1. d4 d6 2. Nf3 Nf6 3. c4 c6 4. Nc3 Bg4 5. Qb3 Qb6 6. Be3 Qxb3 7. axb3 Bxf3 8. exf3 e6 9. b4 Be7 10. b5 Nbd7 11. bxc6 bxc6 12. Ra6 Nb8 13. Ra2 0-0 14. Be2 Nbd7 15. Kd2 Rfb8 1/2-1/2

[Event "NRW Class2 1617"]
[Site "Germany"]
[Date "2017.05.21"]
[Round "9.7"]
[White "Freundlieb, Thomas"]
[Black "Rumpf, Thomas"]
[Result "1/2-1/2"]
[WhiteElo "2030"]
[BlackElo "2123"]
[PlyCount "49"]
[EventDate "2016.09.25"]
[EventType "team-tourn"]
[EventRounds "9"]
[EventCountry "GER"]
[SourceTitle "EXT 2023"]
[Source "ChessBase"]
[SourceDate "2022.10.05"]
[SourceVersion "1"]
[SourceVersionDate "2022.10.05"]
[SourceQuality "1"]
[WhiteTeam "Niederkassel"]
[BlackTeam "Kamen SV"]
[WhiteTeamCountry "GER"]
[BlackTeamCountry "GER"]

1. d4 Nf6 2. Bf4 g6 3. e3 Bg7 4. h3 0-0 5. Nf3 d6 6. Be2 c5 7. c3 Nc6 8. 0-0 cxd4 9. exd4 Nd5 10. Bh2 e5 11. Na3 Re8 12. Bc4 Nb6 13. Bb3 Bf5 14. dxe5 dxe5 15. Qxd8 Raxd8 16. Rfd1 Rxd1+ 17. Rxd1 Na5 18. Nb5 Nxb3 19. axb3 Bc2 20. Re1 Bxb3 21. Bxe5 Nc4 22. Bxg7 Rxe1+ 23. Nxe1 Kxg7 24. Nd4 Bd1 25. Nd3 1/2-1/2

[Event "NRW Class2 1617"]
[Site "Germany"]
[Date "2017.01.22"]
[Round "5.7"]
[White "Doehner, Hans Juergen"]
[Black "Freundlieb, Thomas"]
[Result "0-1"]
[WhiteElo "2102"]
[BlackElo "2030"]
[PlyCount "64"]
[EventDate "2016.09.25"]
[EventType "team-tourn"]
[EventRounds "9"]
[EventCountry "GER"]
[SourceTitle "EXT 2023"]
[Source "ChessBase"]
[SourceDate "2022.10.05"]
[SourceVersion "1"]
[SourceVersionDate "2022.10.05"]
[SourceQuality "1"]
[WhiteTeam "Siegen"]
[BlackTeam "Niederkassel"]
[WhiteTeamCountry "GER"]
[BlackTeamCountry "GER"]

1. e4 d6 2. d4 Nf6 3. Nc3 Nbd7 4. Nf3 e5 5. d5 Be7 6. Be2 0-0 7. 0-0 c6 8. dxc6 bxc6 9. b3 Bb7 10. Re1 d5 11. exd5 cxd5 12. Bb2 Rc8 13. Na4 Bd6 14. c4 d4 15. Nd2 Re8 16. a3 a5 17. f3 Bc6 18. Bd3 Bxa4 19. bxa4 Nc5 20. Qc2 Rb8 21. Reb1 Qd7 22. Bc1 Qxa4 23. Qxa4 Nxa4 24. Rb5 Bc7 25. Nb3 Nc3 26. Rxb8 Rxb8 27. Nc5 Bd6 28. Na6 Rc8 29. Bd2 Rc6 30. Bxc3 dxc3 31. Rc1 Rxa6 32. c5 Bxc5+ 0-1

[Event "NRW Class2 1617"]
[Site "Germany"]
[Date "2016.11.13"]
[Round "3.7"]
[White "Hunold, Rolf"]
[Black "Freundlieb, Thomas"]
[Result "1/2-1/2"]
[WhiteElo "2091"]
[BlackElo "2030"]
[PlyCount "106"]
[EventDate "2016.09.25"]
[EventType "team-tourn"]
[EventRounds "9"]
[EventCountry "GER"]
[SourceTitle "EXT 2023"]
[Source "ChessBase"]
[SourceDate "2022.10.05"]
[SourceVersion "1"]
[SourceVersionDate "2022.10.05"]
[SourceQuality "1"]
[WhiteTeam "Letmathe"]
[BlackTeam "Niederkassel"]
[WhiteTeamCountry "GER"]
[BlackTeamCountry "GER"]

1. e4 d6 2. d4 Nf6 3. Nc3 Nbd7 4. Be3 e5 5. Nf3 Be7 6. h3 c6 7. g4 h6 8. Qd2 b5 9. Bd3 a6 10. Ne2 Nh7 11. Ng3 Ng5 12. Nxg5 Bxg5 13. Nf5 Qf6 14. f4 Bh4+ 15. Nxh4 Qxh4+ 16. Bf2 Qf6 17. dxe5 dxe5 18. f5 Qg5 19. 0-0-0 Qxd2+ 20. Rxd2 Bb7 21. c4 Ke7 22. Rhd1 Rhd8 23. c5 Nf8 24. Bh4+ f6 25. Bf2 Rd7 26. Bc2 Rxd2 27. Rxd2 Rd8 28. Rxd8 Kxd8 29. Kd2 a5 30. Bd3 Nd7 31. Be3 Nb8 32. a3 Ke7 33. Ke2 Bc8 34. Bd2 a4 35. Be3 Na6 36. Kd2 Bb7 37. Bb1 Bc8 38. Ba2 Bd7 39. Kc3 Be8 40. Be6 Bd7 41. Ba2 Be8 42. Be6 Bd7 43. Bxd7 Kxd7 44. b3 Ke8 45. bxa4 bxa4 46. Kc4 Kf7 47. h4 Kg8 48. Bd2 Kf7 49. g5 hxg5 50. hxg5 Kg8 51. g6 Kf8 52. Ba5 Ke7 53. Bc3 Kf8 1/2-1/2

[Event "Cologne Longerich op-A 13th"]
[Site "Cologne"]
[Date "2016.08.14"]
[Round "4"]
[White "Freundlieb, Thomas"]
[Black "Hertling, Juergen"]
[Result "1-0"]
[WhiteElo "2047"]
[BlackElo "1842"]
[PlyCount "89"]
[EventDate "2016.08.12"]
[EventType "swiss"]
[EventRounds "5"]
[EventCountry "GER"]
[SourceTitle "EXT 2022"]
[Source "ChessBase"]
[SourceDate "2021.10.06"]
[SourceVersion "1"]
[SourceVersionDate "2021.10.06"]
[SourceQuality "1"]

1. d4 Nf6 2. Bf4 g6 3. e3 Bg7 4. h3 0-0 5. Nf3 b6 6. Be2 Bb7 7. Nbd2 d5 8. 0-0 c5 9. c3 Nc6 10. Ne5 Nd7 11. Nxc6 Bxc6 12. Nf3 e6 13. b4 Qe7 14. bxc5 bxc5 15. Rb1 e5 16. dxe5 Nxe5 17. Qc2 Nxf3+ 18. Bxf3 c4 19. Bg3 Rac8 20. Rfc1 Be5 21. Bxe5 Qxe5 22. Qd2 Rfd8 23. Rd1 Qf6 24. Qd4 Qxd4 25. Rxd4 Rd7 26. g4 f5 27. Kg2 Kg7 28. g5 Rcd8 29. h4 Rb7 30. Rxb7+ Bxb7 31. Rd2 Kf7 32. Rb2 Bc6 33. Kg3 Ke6 34. Kf4 Kd6 35. h5 Re8 36. h6 Kc5 37. Rb1 Re7 38. Rb8 Bb7 39. Rg8 Kd6 40. Rg7 Bc6 41. Rxe7 Kxe7 42. Ke5 a6 43. Bxd5 Bb5 44. Kd4 Kd6 45. Bf7 1-0

[Event "Cologne Longerich op-A 13th"]
[Site "Cologne"]
[Date "2016.08.13"]
[Round "2"]
[White "Freundlieb, Thomas"]
[Black "Whitmire, James David"]
[Result "0-1"]
[WhiteElo "2047"]
[BlackElo "1915"]
[PlyCount "76"]
[EventDate "2016.08.12"]
[EventType "swiss"]
[EventRounds "5"]
[EventCountry "GER"]
[SourceTitle "EXT 2022"]
[Source "ChessBase"]
[SourceDate "2021.10.06"]
[SourceVersion "1"]
[SourceVersionDate "2021.10.06"]
[SourceQuality "1"]

1. d4 Nf6 2. Bf4 d5 3. e3 c5 4. Nc3 e6 5. Nb5 Na6 6. c3 Be7 7. h3 0-0 8. Nf3 Bd7 9. a4 c4 10. Nd2 Bxb5 11. axb5 Nc7 12. b3 Nxb5 13. Qc2 cxb3 14. Qxb3 Nd6 15. Bd3 b6 16. 0-0 Qd7 17. Ra6 Rfc8 18. Rfa1 Nb7 19. R6a2 Na5 20. Qb2 Bd6 21. Bg5 Ne8 22. e4 h6 23. Be3 dxe4 24. Bxe4 Rab8 25. Bd3 e5 26. Nb3 Qc6 27. Bd2 Nf6 28. Nxa5 bxa5 29. Qc2 exd4 30. cxd4 Qd5 31. Qa4 Bb4 32. Be3 Ne4 33. Rc2 Nc3 34. Rxc3 Rxc3 35. Be2 Qb3 36. Qd7 Qb2 37. Re1 Rxe3 38. fxe3 Bxe1 0-1

[Event "NRW Class2 1516"]
[Site "Germany"]
[Date "2016.05.08"]
[Round "9.7"]
[White "Schriewer, Thomas"]
[Black "Freundlieb, Thomas"]
[Result "0-1"]
[WhiteElo "1985"]
[BlackElo "1957"]
[PlyCount "70"]
[EventDate "2015.09.27"]
[EventType "team-tourn"]
[EventRounds "9"]
[EventCountry "GER"]
[SourceTitle "EXT 2017"]
[Source "ChessBase"]
[SourceDate "2016.10.25"]
[SourceVersion "1"]
[SourceVersionDate "2016.10.25"]
[SourceQuality "1"]
[WhiteTeam "Sodingen"]
[BlackTeam "Niederkassel"]
[WhiteTeamCountry "GER"]
[BlackTeamCountry "GER"]

1. d4 d6 2. Nf3 g6 3. c4 Bg4 4. Nc3 Bg7 5. e3 c5 6. Be2 cxd4 7. Nxd4 Bxe2 8. Qa4+ Nd7 9. Kxe2 Ngf6 10. Qd1 Qa5 11. Bd2 Qh5+ 12. f3 Qc5 13. b3 a6 14. Rc1 e5 15. Na4 Qc7 16. Nc2 e4 17. f4 Nc5 18. Nxc5 dxc5 19. b4 b6 20. bxc5 bxc5 21. Na1 0-0 22. Qa4 Qd6 23. Qc2 Qe6 24. Nb3 Qg4+ 25. Kf2 Qf5 26. Rhf1 Rfd8 27. h3 h5 28. Ba5 Rd3 29. Rcd1 g5 30. Kg1 g4 31. Nc1 Rxd1 32. Rxd1 gxh3 33. Rd8+ Rxd8 34. Bxd8 Ng4 35. Qd2 Nxe3 0-1

[Event "Rheinland Pfalz op 7th"]
[Site "Frankenthal"]
[Date "2015.06.06"]
[Round "5"]
[White "Freundlieb, Thomas"]
[Black "Dorst, Johannes"]
[Result "0-1"]
[WhiteElo "2076"]
[BlackElo "2200"]
[PlyCount "156"]
[EventDate "2015.06.04"]
[EventType "swiss"]
[EventRounds "7"]
[EventCountry "GER"]
[SourceTitle "EXT 2017"]
[Source "ChessBase"]
[SourceDate "2016.10.25"]
[SourceVersion "1"]
[SourceVersionDate "2016.10.25"]
[SourceQuality "1"]

1. d4 Nf6 2. Bf4 b6 3. e3 c5 4. c3 Bb7 5. Nf3 Nh5 6. Bg3 d6 7. Bd3 g6 8. 0-0 Nxg3 9. hxg3 Bg7 10. b4 0-0 11. Nbd2 Nd7 12. a4 e5 13. bxc5 dxc5 14. Be4 Bxe4 15. Nxe4 exd4 16. cxd4 cxd4 17. Nxd4 Nc5 18. Nc3 Qd7 19. a5 Ne6 20. Nce2 b5 21. a6 Rfd8 22. Qb1 Nxd4 23. Nxd4 Rab8 24. Rd1 Rb6 25. Qb3 Rd6 26. Rdb1 Bxd4 27. exd4 Rb8 28. Ra5 Rd5 29. Rd1 Rb6 30. Rd2 Rxd4 31. Rxd4 Qxd4 32. Rxb5 Qa1+ 33. Kh2 Qxa6 34. Rxb6 Qxb6 35. Qc2 Qd4 36. Qa2 Qc5 37. f3 a5 38. Qa4 Kg7 39. Qa1+ Kg8 40. Qa4 h5 41. Qe8+ Kg7 42. Qe4 Qf5 43. Qd4+ Qf6 44. Qa4 Qc3 45. Qe4 Kf8 46. Qa8+ Kg7 47. Qe4 Kh7 48. Qd5 Qc7 49. Qe4 Qd7 50. Qa8 a4 51. Qa5 Qd1 52. f4 Qc2 53. f5 gxf5 54. Qd5 Kg6 55. Qd6+ Kg7 56. Qd4+ Kg6 57. Qd6+ f6 58. Qf8 Qc4 59. Qe8+ Kg5 60. Qf8 f4 61. Qg7+ Kf5 62. Qh7+ Ke5 63. Qxh5+ Kd6 64. Qd1+ Kc5 65. Qg1+ Kc6 66. gxf4 Qxf4+ 67. g3 Qh6+ 68. Kg2 Qd2+ 69. Kh3 a3 70. Qh1+ Kc7 71. Qa8 a2 72. Qa7+ Kd6 73. Qb6+ Ke7 74. Qc5+ Qd6 75. Qa5 Qe6+ 76. Kh4 Qe4+ 77. Kh3 Qh1+ 78. Kg4 Qd1+ 0-1

[Event "Rheinland Pfalz op 7th"]
[Site "Frankenthal"]
[Date "2015.06.06"]
[Round "6"]
[White "Scholz, Philipp"]
[Black "Freundlieb, Thomas"]
[Result "0-1"]
[WhiteElo "1942"]
[BlackElo "2076"]
[PlyCount "84"]
[EventDate "2015.06.04"]
[EventType "swiss"]
[EventRounds "7"]
[EventCountry "GER"]
[SourceTitle "EXT 2017"]
[Source "ChessBase"]
[SourceDate "2016.10.25"]
[SourceVersion "1"]
[SourceVersionDate "2016.10.25"]
[SourceQuality "1"]

1. d4 d6 2. c4 g6 3. Nc3 Bg7 4. e4 a6 5. Nf3 Bg4 6. Be2 Nc6 7. d5 Bxf3 8. Bxf3 Nd4 9. 0-0 c5 10. a4 Nf6 11. a5 Nd7 12. Bg4 0-0 13. Na4 f5 14. exf5 gxf5 15. Bh3 Qxa5 16. Re1 Qd8 17. Be3 b5 18. Nc3 bxc4 19. Bxd4 cxd4 20. Ne2 d3 21. Nf4 Bxb2 22. Ne6 Qc8 23. Rb1 Bc3 24. Re3 Nc5 25. Bxf5 Rxf5 26. Qg4+ Kh8 27. Qxf5 Nxe6 28. Rxe6 Rb8 29. Rxb8 Qxb8 30. g3 d2 31. Rxe7 d1Q+ 32. Kg2 Bg7 33. Qf7 Qg8 34. Re8 Qxd5+ 35. Qxd5 Qxe8 36. Qxc4 Qa8+ 37. f3 d5 38. Qa4 a5 39. g4 d4 40. h4 Qd8 41. h5 d3 42. Kf2 Qd4+ 0-1

[Event "Rheinland Pfalz op 7th"]
[Site "Frankenthal"]
[Date "2015.06.04"]
[Round "1"]
[White "Freundlieb, Thomas"]
[Black "Hardow, Dietmar"]
[Result "1-0"]
[WhiteElo "2076"]
[BlackElo "1667"]
[PlyCount "133"]
[EventDate "2015.06.04"]
[EventType "swiss"]
[EventRounds "7"]
[EventCountry "GER"]
[SourceTitle "EXT 2017"]
[Source "ChessBase"]
[SourceDate "2016.10.25"]
[SourceVersion "1"]
[SourceVersionDate "2016.10.25"]
[SourceQuality "1"]

1. d4 c6 2. Nf3 Nf6 3. e3 d6 4. Be2 g6 5. 0-0 Bg7 6. b3 a5 7. Bb2 Na6 8. c4 d5 9. Nc3 Nc7 10. Rc1 0-0 11. Ne5 Ne6 12. cxd5 Nxd5 13. Nxd5 Qxd5 14. Nc4 b5 15. Nb6 Qg5 16. Nxa8 Bb7 17. Bf3 Bxa8 18. Bxc6 b4 19. Qf3 Bxc6 20. Qxc6 Rd8 21. Rcd1 Nf8 22. f4 Qf5 23. Qf3 h5 24. e4 Qb5 25. f5 Qb6 26. Qf2 g5 27. d5 Qxf2+ 28. Rxf2 f6 29. Rc1 Nd7 30. Rfc2 Kf7 31. Rc8 Ke8 32. R1c7 Nb6 33. Rxd8+ Kxd8 34. Rc5 Nc8 35. Kf2 g4 36. Rxa5 Nd6 37. Ke3 Bh6+ 38. Kd3 Bf4 39. h3 Nb7 40. Ra8+ Kc7 41. Bd4 Bd6 42. Rh8 gxh3 43. gxh3 Nd8 44. Rxh5 Nf7 45. h4 Kd8 46. Rh7 Ke8 47. Kc4 Kf8 48. Rxf7+ Kxf7 49. Bc5 Bf4 50. Bxb4 Ke8 51. Bc5 Bc1 52. a4 Kd7 53. b4 Bh6 54. h5 Bf8 55. a5 Kc7 56. b5 Kb7 57. a6+ Kb8 58. b6 Ka8 59. h6 Bxh6 60. Bxe7 Bf4 61. b7+ Kb8 62. d6 Be5 63. d7 Bc7 64. d8Q+ Bxd8 65. Bxd8 Ka7 66. Bxf6 Kxa6 67. b8Q 1-0

[Event "Mittelrhein Verbandsliga Ost 1415"]
[Site "Mittelrhein"]
[Date "2015.02.22"]
[Round "8.1"]
[White "Begri, Robert"]
[Black "Freundlieb, Thomas"]
[Result "1/2-1/2"]
[WhiteElo "2002"]
[BlackElo "2049"]
[PlyCount "94"]
[EventDate "2014.09.07"]
[EventType "team-tourn"]
[EventRounds "11"]
[EventCountry "GER"]
[SourceTitle "EXT 2023"]
[Source "ChessBase"]
[SourceDate "2022.10.05"]
[SourceVersion "1"]
[SourceVersionDate "2022.10.05"]
[SourceQuality "1"]
[WhiteTeam "Fritzdorf"]
[BlackTeam "Niederkassel II"]
[WhiteTeamCountry "GER"]
[BlackTeamCountry "GER"]

1. e4 d6 2. d4 Nf6 3. Nc3 c6 4. Bg5 Nbd7 5. Nf3 e5 6. Be2 Be7 7. 0-0 0-0 8. Re1 b5 9. a3 a6 10. Qd3 Qc7 11. Nh4 Nb6 12. dxe5 dxe5 13. Qg3 Ne8 14. Be3 Nc4 15. Bxc4 bxc4 16. Nf3 f6 17. Red1 Rb8 18. Rab1 Be6 19. Nd2 Qa5 20. Qf3 Nd6 21. Nf1 Rb7 22. Bd2 Qc7 23. Na4 Nb5 24. Be3 c5 25. Nc3 Nxc3 26. bxc3 Rfb8 27. Ra1 Qa5 28. Bd2 Qa4 29. Ne3 Bf8 30. h4 Rd7 31. h5 Rbd8 32. Qe2 g6 33. Rab1 Bg7 34. Rb6 Rd6 35. Rxd6 Rxd6 36. Rb1 Rd8 37. Rb6 Bf7 38. Nd5 Bxd5 39. exd5 Qxc2 40. d6 Qd3 41. Qg4 f5 42. Qh4 Rxd6 43. Rb8+ Kf7 44. Rb7+ Rd7 45. Rxd7+ Qxd7 46. Qxc4+ Qe6 47. hxg6+ hxg6 1/2-1/2

[Event "NRW Class1 1415"]
[Site "Germany"]
[Date "2014.10.05"]
[Round "2.6"]
[White "Freundlieb, Thomas"]
[Black "Pfleger, Sascha"]
[Result "0-1"]
[WhiteElo "2049"]
[BlackElo "1937"]
[PlyCount "65"]
[EventDate "2014.09.14"]
[EventType "team-tourn"]
[EventRounds "9"]
[EventCountry "GER"]
[SourceTitle "EXT 2017"]
[Source "ChessBase"]
[SourceDate "2016.10.25"]
[SourceVersion "1"]
[SourceVersionDate "2016.10.25"]
[SourceQuality "1"]
[WhiteTeam "Niederkassel"]
[BlackTeam "Letmathe"]
[WhiteTeamCountry "GER"]
[BlackTeamCountry "GER"]

1. d4 Nf6 2. Bf4 c5 3. d5 e6 4. Nc3 Qa5 5. Bd2 Be7 6. e4 Qd8 7. Bd3 d6 8. h3 Na6 9. Nf3 0-0 10. dxe6 Bxe6 11. Ng5 Nb4 12. Nxe6 Nxd3+ 13. cxd3 fxe6 14. 0-0 Qd7 15. f4 b5 16. Qb3 b4 17. Ne2 d5 18. e5 c4 19. dxc4 dxc4 20. Qxc4 Rfc8 21. Qb3 Qxd2 22. Qxe6+ Kh8 23. Qxe7 Nd5 24. Qf7 Ne3 25. Rf2 Nd1 26. Rxd1 Qxd1+ 27. Kh2 Qe1 28. Kg3 Rc2 29. Qh5 Qb1 30. f5 Qxb2 31. f6 g6 32. Qh6 Qxe5+ 33. Rf4 0-1

[Event "Mittelrhein Verbandsliga Ost 1314"]
[Site "Mittelrhein"]
[Date "2014.01.19"]
[Round "6.1"]
[White "Freundlieb, Thomas"]
[Black "Thalwitzer, David"]
[Result "1-0"]
[WhiteElo "2009"]
[BlackElo "2091"]
[PlyCount "89"]
[EventDate "2013.09.15"]
[EventType "team-tourn"]
[EventRounds "11"]
[EventCountry "GER"]
[SourceTitle "EXT 2023"]
[Source "ChessBase"]
[SourceDate "2022.10.05"]
[SourceVersion "1"]
[SourceVersionDate "2022.10.05"]
[SourceQuality "1"]
[WhiteTeam "Niederkassel II"]
[BlackTeam "Koeln Porz III"]
[WhiteTeamCountry "GER"]
[BlackTeamCountry "GER"]

1. d4 Nf6 2. Bg5 Ne4 3. Bf4 d5 4. e3 Nd7 5. Bd3 g6 6. Bxe4 dxe4 7. Nc3 Nf6 8. Be5 Bg4 9. Nge2 Bg7 10. Bxf6 exf6 11. Nxe4 0-0 12. 0-0 Re8 13. N4c3 Qe7 14. h3 Be6 15. Nf4 Bc4 16. Nd3 Rad8 17. Qf3 b6 18. Rfd1 Ba6 19. a3 f5 20. Nb4 Bc8 21. Nc6 Qg5 22. Nxd8 Rxd8 23. Ne2 Bf8 24. c4 Re8 25. b4 Qe7 26. c5 g5 27. Nc3 g4 28. hxg4 fxg4 29. Qf4 Qh4 30. Nd5 Re6 31. Qg3 Qg5 32. Nf4 Rh6 33. Rac1 b5 34. Kf1 Bf5 35. Ke2 Bg7 36. Rh1 Ra6 37. Rh5 Qf6 38. Rc3 h6 39. Qh4 Be4 40. Qxf6 Rxf6 41. Rh4 Bf5 42. Nd5 Re6 43. Nxc7 Bxd4 44. Nxe6 Bxc3 45. Nd4 1-0

[Event "Cologne Longerich op-A 10th"]
[Site "Cologne"]
[Date "2013.07.20"]
[Round "3"]
[White "Ciesla, Daniel"]
[Black "Freundlieb, Thomas"]
[Result "1/2-1/2"]
[WhiteElo "1849"]
[BlackElo "2097"]
[PlyCount "69"]
[EventDate "2013.07.19"]
[EventType "tourn"]
[EventRounds "5"]
[EventCountry "GER"]
[SourceTitle "EXT 2017"]
[Source "ChessBase"]
[SourceDate "2016.10.25"]
[SourceVersion "1"]
[SourceVersionDate "2016.10.25"]
[SourceQuality "1"]

1. d4 d6 2. e4 Nf6 3. Nc3 e5 4. dxe5 dxe5 5. Qxd8+ Kxd8 6. Bc4 Bb4 7. Bd2 Ke7 8. f3 c6 9. Nge2 Be6 10. Bxe6 Kxe6 11. Rd1 Bc5 12. Nc1 b5 13. Nd3 Bb6 14. Ke2 Nbd7 15. Be3 Bxe3 16. Kxe3 a5 17. g3 Nb6 18. Nc5+ Ke7 19. b3 Nfd7 20. Nxd7 Nxd7 21. Rd2 Rhd8 22. Rhd1 Nc5 23. Rxd8 Rxd8 24. Rxd8 Kxd8 25. a4 bxa4 26. Nxa4 Ne6 27. c3 Kc7 28. f4 exf4+ 29. gxf4 f6 30. b4 axb4 31. cxb4 Kd6 32. Nb2 Nc7 33. Kd4 Ne6+ 34. Ke3 Nc7 35. Kd4 1/2-1/2

[Event "Rheinland Pfalz op 5th"]
[Site "Worms"]
[Date "2013.05.31"]
[Round "4"]
[White "Freundlieb, Thomas"]
[Black "Gutzen, Werner"]
[Result "0-1"]
[WhiteElo "2108"]
[BlackElo "1875"]
[PlyCount "106"]
[EventDate "2013.05.30"]
[EventType "swiss"]
[EventRounds "7"]
[EventCountry "GER"]
[SourceTitle "EXT 2014"]
[Source "ChessBase"]
[SourceDate "2013.11.20"]
[SourceVersion "1"]
[SourceVersionDate "2013.11.20"]
[SourceQuality "1"]

1. d4 c6 2. c4 d5 3. cxd5 cxd5 4. Nc3 Nf6 5. Nf3 Nc6 6. Bf4 Nh5 7. Bg3 Nxg3 8. hxg3 e6 9. e3 Qb6 10. Qd2 Be7 11. Rc1 Bd7 12. Bd3 h6 13. 0-0 0-0 14. Na4 Qb4 15. Nc5 Qxd2 16. Nxd2 Bxc5 17. Rxc5 Nb4 18. Bb1 Rfc8 19. Rfc1 Na6 20. Rxc8+ Rxc8 21. Rxc8+ Bxc8 22. a3 Kf8 23. Bd3 Nc7 24. Nb1 Ke7 25. Nc3 Bd7 26. Kf1 f6 27. Ke2 Bc6 28. b4 a6 29. Kd2 Kd6 30. Kc2 e5 31. Kb3 Ne6 32. dxe5+ fxe5 33. Ne2 e4 34. Bc2 Bb5 35. Nc3 Bf1 36. f3 Bxg2 37. fxe4 d4 38. exd4 Nxd4+ 39. Kb2 Nxc2 40. Kxc2 Ke5 41. Kd3 h5 42. Ke3 g5 43. Na4 Bxe4 44. Nc5 Bc6 45. a4 Kd5 46. a5 Kc4 47. Ne6 h4 48. gxh4 gxh4 49. Kf4 h3 50. Kg3 Kxb4 51. Nd8 Bg2 52. Nf7 Kxa5 53. Nd6 Kb4 0-1

[Event "Rheinland Pfalz op 5th"]
[Site "Worms"]
[Date "2013.05.30"]
[Round "1"]
[White "Geisert, Bernd"]
[Black "Freundlieb, Thomas"]
[Result "0-1"]
[WhiteElo "1661"]
[BlackElo "2108"]
[PlyCount "48"]
[EventDate "2013.05.30"]
[EventType "swiss"]
[EventRounds "7"]
[EventCountry "GER"]
[SourceTitle "EXT 2014"]
[Source "ChessBase"]
[SourceDate "2013.11.20"]
[SourceVersion "1"]
[SourceVersionDate "2013.11.20"]
[SourceQuality "1"]

1. d4 d6 2. Nf3 Bg4 3. Nbd2 Nd7 4. c4 Ngf6 5. e3 e5 6. Be2 Be7 7. 0-0 0-0 8. h3 Bh5 9. dxe5 dxe5 10. e4 c6 11. b3 Qc7 12. Bb2 a5 13. Nh2 Bg6 14. Qc2 Nc5 15. f3 Ne6 16. Ng4 Bc5+ 17. Kh2 Nxg4+ 18. hxg4 Rfd8 19. Rh1 Qe7 20. Kg3 Qg5 21. Nf1 Qf4+ 22. Kh3 Ng5+ 23. Kh4 Be7 24. g3 Nxe4+ 0-1

[Event "Cologne Longerich op 09th"]
[Site "Cologne"]
[Date "2012.08.05"]
[Round "3"]
[White "Brecker, Hans Joerg"]
[Black "Freundlieb, Thomas"]
[Result "1/2-1/2"]
[WhiteElo "1893"]
[BlackElo "2055"]
[PlyCount "65"]
[EventDate "2012.08.03"]
[EventType "tourn"]
[EventRounds "5"]
[EventCountry "GER"]
[SourceTitle "EXT 2017"]
[Source "ChessBase"]
[SourceDate "2016.10.25"]
[SourceVersion "1"]
[SourceVersionDate "2016.10.25"]
[SourceQuality "1"]

1. d4 d6 2. c4 g6 3. Nf3 Bg7 4. Nc3 Bg4 5. e3 c5 6. Be2 cxd4 7. exd4 Nh6 8. 0-0 0-0 9. Bg5 Nf5 10. h3 Bxf3 11. Bxf3 Nc6 12. Bxc6 bxc6 13. Be3 c5 14. dxc5 Nxe3 15. fxe3 Bxc3 16. bxc3 dxc5 17. Qxd8 Rfxd8 18. Rfd1 e6 19. Rab1 Kg7 20. Kf1 Rxd1+ 21. Rxd1 Rb8 22. Rd2 a5 23. Ke2 a4 24. Rd6 Rb2+ 25. Kd3 Rxa2 26. Rc6 Rxg2 27. Rxc5 a3 28. Ra5 a2 29. c5 Kf8 30. Kc4 Rb2 31. c6 Ke7 32. Kc5 Kd8 33. c4 1/2-1/2